| 000 | 00410nam a2200145Ia 4500 | ||
|---|---|---|---|
| 005 | 20260328101520.0 | ||
| 008 | 260328s9999||||xx |||||||||||||| ||und|| | ||
| 100 | _aBohl, Charles C. | ||
| 245 | 0 |
_aPlace making : _b developing Town centers, main streets and Urban villAges / _cCharles C. Bohl |
|
| 250 | _a4a ed. | ||
| 260 | _bUrban Land Institute | ||
| 300 | _a305 p. | ||
| 650 | _aDISEÑO URBANO | ||
| 942 | _cBK | ||
| 999 |
_c9577 _d9577 |
||